| 000 | 00679nam a2200193 a 4500 | ||
|---|---|---|---|
| 005 | 20210223120644.0 | ||
| 008 | 991125s1991 mx 000 0 spa u | ||
| 020 | _a9688924571 | ||
| 035 | _aUPN01000004925 | ||
| 049 | _aC | ||
| 050 | 4 |
_aHA762 _bS5 1988 |
|
| 110 | 2 | _aInstituto Nacional de Estadística, Geografía e Informática (México) | |
| 245 | 1 | 0 |
_aAtlas ejidal del Estado de Sinaloa : _bencuesta nacional agropecuaria ejidal, 1988 / _cInstituto Nacional de Estadística, Geografía e Informática. |
| 260 |
_aMéxico : _bINEGI, _c1991. |
||
| 300 |
_a44 p. : _bmapas, gráfs. |
||
| 650 | 4 |
_aEJIDOS - _zSINALOA _919958 |
|
| 651 | 4 |
_aSINALOA - _vCENSOS _917783 |
|
| 905 | _aLibro | ||
| 999 |
_c4925 _d4925 |
||